| 000 | 00712nam a22002297a 4500 | ||
|---|---|---|---|
| 999 |
_c1004 _d1004 |
||
| 001 | 9296 | ||
| 003 | BD-DhUAP | ||
| 005 | 20210127155723.0 | ||
| 008 | 200129s2006 ii a b 000 0 eng d | ||
| 040 |
_aBD-DhAAL _cBD-DhAAL _bEng _dBD-DhUAP |
||
| 082 | 0 | 0 |
_a340 JHA _223 |
| 100 | 1 | _aJhabvala, Noshirvan H. | |
| 245 | 1 | 0 |
_aThe elements of jurisprudence 2006 / _cby Noshirvan H. Jhabvala. |
| 250 | _a24th rev. ed. | ||
| 260 |
_aMumbai, India : _bC. Jamnadas, _c2006 [Reprinted 2012]. |
||
| 300 |
_aiv, 220 pages : _billustrations ; _c24 cm. |
||
| 504 | _aIncludes bibliographical references. | ||
| 650 | 0 | _aJurisprudence. | |
| 942 |
_2ddc _cBK |
||